Windows 98
| Format: | Book |
|---|---|
| Subjects: |
MARC
| LEADER | 00000cam a2200000 7i4500 | ||
|---|---|---|---|
| 001 | 0000010158 | ||
| 005 | 20030505.0 | ||
| 020 | |a 1572223073 | ||
| 040 | |a INS | ||
| 090 | 0 | 0 | |a QA76.76.O63 |b M523 |
| 245 | 1 | 0 | |a Windows 98 |
| 650 | 0 | 0 | |a Operating systems (Computer) |
| 999 | |a 0000009387 |b BOOK |c Open Shelf |e Default branch | ||